000 01560 am a2200409 a 4500
005 20240605110438.0
008 100810s1993||||mx a f |||| 001 0 spa d
020 _aS/N
041 _aspa
092 _c617.1
_l3
_sAPO
245 _aPHTLS básico y avanzado.
_bApoyo vital prehospitalario en trauma /
_cNorman E. McSwain Jr.
250 _a2a ed. en español
_bTraducción Fernando Magallanes Negrete.
260 _aMéxico:
_bEmergency Training;
_c1993.
300 _a436 p.
500 _aMcSwain, N. Jr. (Ed.) et al. (1993). PHTLS básico y avanzado. Apoyo vital prehospitalario en trauma. (2a ed.). México : Emergency training.
653 _aCinemática del trauma
653 _aEvaluación y manejo del paciente
653 _aManejo de vía aérea y ventilación
653 _aManejo de vía aérea y destrezas de ventilación
653 _aTrauma torácico
653 _aShock y resucitación con líquidos
653 _aTrauma abdominal
653 _aTrauma de cabeza
653 _aTrauma de columna
653 _aDestrezas de manejo de columna
653 _aTrauma de extremidades
653 _aTrauma térmico
653 _aAtención inicial y resucitación del niño lesionado
653 _aConsideraciones especiales en trauma del anciano
653 _aConsideraciones en trauma prehospitalario
700 1 _aMcSwain, Norman Jr,
_eEd.
_9688
700 1 _aButman, Alexander M,
_eEd.
_9689
700 1 _aMcCornell, Willian K,
_eEd.
_9690
700 1 _aVomacka, Richard W,
_eEd.
_9691
930 _a995
942 _2ddc
_cBK
999 _c599
_d599